| 000 | 00537nam a2200193 4500 | ||
|---|---|---|---|
| 008 | b xx# eng u | ||
| 010 | _a47175/6 | ||
| 040 | _aLB-BrCRDP | ||
| 082 | _aR 380.1025/F565 | ||
| 130 | 1 | _lEN | |
| 245 | 1 | 0 | _aFive index of Lebanon 1998 |
| 250 | _a10th ed. | ||
| 260 |
_aBeirut _bNetwork S.B. Management Corps., _c1998 |
||
| 300 |
_a2 vol. : _bill. (some col.) ; _c29cm |
||
| 650 |
_aCommerce _xLebanon-Directories |
||
| 650 | _aBusiness enterprises | ||
| 942 | _cBK | ||
| 999 |
_c12826 _d12826 |
||